[Event "Druzynowe Mistrzostwa Polski - II Liga S"]
[Site "Ustron/Slaski Zwiazek Szachowy"]
[Date "2008.09.11"]
[Round "6.25"]
[White "Grabowski, Pawel"]
[Black "Chojnacki, Slawomir"]
[Result "0-1"]
[WhiteElo "2296"]
[BlackElo "2263"]
[PlyCount "89"]
[EventDate "2008.??.??"]

1. c4 c6 2. Nc3 d5 3. d4 Nf6 4. Nf3 dxc4 5. a4 Bf5 6. e3 Bd3 7. Bxd3 cxd3 8.
Qxd3 e6 9. O-O Be7 10. e4 Na6 11. Bg5 h6 12. Bh4 O-O 13. a5 Rc8 14. Rfd1 Nh5
15. Bxe7 Qxe7 16. Nd2 e5 17. Nc4 Nf4 18. Qf3 exd4 19. Qxf4 dxc3 20. bxc3 Nc5
21. Nd6 Rcd8 22. e5 Qg5 23. g3 Qxf4 24. gxf4 Rd7 25. Kg2 f6 26. a6 b6 27. Nb7
Nd3 28. Kg3 fxe5 29. fxe5 Nxe5 30. Rxd7 Nxd7 31. Rd1 Nb8 32. Nd8 Rf6 33. Re1
Nxa6 34. Re8+ Kh7 35. Re7 Nc5 36. Rxa7 Ne4+ 37. Kg2 Rxf2+ 38. Kg1 Rf6 39. Re7
Nxc3 40. Ne6 Nd5 41. Re8 g5 42. Nf8+ Kg7 43. Nd7 Rf7 44. Nb8 c5 45. Re5 0-1

[Event "Druzynowe Mistrzostwa Polski - II Liga S"]
[Site "Ustron/Slaski Zwiazek Szachowy"]
[Date "2008.09.11"]
[Round "6.27"]
[White "Zolnierowicz, Krzysztof"]
[Black "Najbar, Marcin"]
[Result "1/2-1/2"]
[WhiteElo "2272"]
[BlackElo "2230"]
[PlyCount "33"]
[EventDate "2008.??.??"]

1. e4 c5 2. Nf3 Nc6 3. Bb5 g6 4. O-O Bg7 5. c3 Nf6 6. Re1 O-O 7. h3 e5 8. d3 d6
9. a4 h6 10. Nbd2 Be6 11. Bc4 d5 12. Bb5 Nd7 13. a5 Qc7 14. a6 Rab8 15. axb7
Rxb7 16. Ba6 Rbb8 17. exd5 1/2-1/2

[Event "Druzynowe Mistrzostwa Polski - II Liga S"]
[Site "Ustron/Slaski Zwiazek Szachowy"]
[Date "2008.09.11"]
[Round "6.28"]
[White "Krzywda, Andrzej"]
[Black "Gawronski, Miroslaw"]
[Result "1-0"]
[WhiteElo "2163"]
[BlackElo "2279"]
[PlyCount "53"]
[EventDate "2008.??.??"]

1. e4 d6 2. d4 Nf6 3. Nc3 c6 4. f4 Qa5 5. Bd3 e5 6. Nf3 Nbd7 7. O-O Be7 8. Kh1
a6 9. Bd2 Qc7 10. a4 b6 11. Ne2 Bb7 12. c3 O-O 13. Ng3 Rfe8 14. fxe5 dxe5 15.
Bc4 Rf8 16. Nf5 Bd6 17. Ng5 b5 18. Bxf7+ Rxf7 19. Nxf7 Kxf7 20. Qb3+ Kf8 21.
Qe6 Bc5 22. Nh6 Nb6 23. dxc5 Qd7 24. Rxf6+ gxf6 25. Qxf6+ Ke8 26. Qh8+ Ke7 27.
Bg5+ 1-0

[Event "Druzynowe Mistrzostwa Polski - II Liga S"]
[Site "Ustron/Slaski Zwiazek Szachowy"]
[Date "2008.09.11"]
[Round "6.29"]
[White "Paszek, Krzysztof"]
[Black "Malecki, Rafal"]
[Result "1/2-1/2"]
[WhiteElo "2126"]
[BlackElo "2118"]
[PlyCount "44"]
[EventDate "2008.??.??"]

1. e4 d6 2. d4 Nf6 3. Nc3 g6 4. Nf3 Bg7 5. Be2 O-O 6. O-O c6 7. a4 Qc7 8. h3 e5
9. Be3 Nbd7 10. Nd2 Re8 11. f4 Ng4 12. Bxg4 exd4 13. Nc4 dxe3 14. Qxd6 Qxd6 15.
Nxd6 Re7 16. Rad1 Bxc3 17. bxc3 f5 18. exf5 Nf6 19. Rfe1 h5 20. Bf3 Bxf5 21.
Nxf5 gxf5 22. Rd3 Kh7 1/2-1/2

[Event "Druzynowe Mistrzostwa Polski - II Liga S"]
[Site "Ustron/Slaski Zwiazek Szachowy"]
[Date "2008.09.11"]
[Round "6.30"]
[White "Kupczyk, Edyta"]
[Black "Flazinska, Anna"]
[Result "1/2-1/2"]
[WhiteElo "2110"]
[BlackElo "1829"]
[PlyCount "60"]
[EventDate "2008.??.??"]

1. d4 d5 2. c4 e6 3. Nc3 Nf6 4. Nf3 Be7 5. Bg5 O-O 6. e3 Nbd7 7. Be2 b6 8. cxd5
Nxd5 9. Nxd5 exd5 10. Bxe7 Qxe7 11. Qc2 c5 12. O-O Bb7 13. dxc5 Nxc5 14. Nd4 g6
15. Rac1 Rac8 16. b4 Na6 17. Qa4 Qxb4 18. Qd7 Nc5 19. Qg4 Ne4 20. h4 Qe7 21. h5
Qg5 22. Qd7 Rb8 23. hxg6 Qxg6 24. Nc6 Bxc6 25. Rxc6 Qg5 26. Qxa7 Ra8 27. Qxb6
Rxa2 28. Qb5 Rfa8 29. Rc7 Kh8 30. Bd3 Nd6 1/2-1/2

[Event "Druzynowe Mistrzostwa Polski - II Liga S"]
[Site "Ustron/Slaski Zwiazek Szachowy"]
[Date "2008.09.11"]
[Round "6.31"]
[White "Gralka, Julian"]
[Black "Slabek, Grzegorz"]
[Result "1/2-1/2"]
[WhiteElo "2268"]
[BlackElo "2160"]
[PlyCount "32"]
[EventDate "2008.??.??"]

1. d4 d5 2. c4 c6 3. Nf3 Nf6 4. Nc3 e6 5. e3 Be7 6. Bd3 O-O 7. O-O b6 8. e4
dxe4 9. Nxe4 Nbd7 10. Qe2 Bb7 11. b3 Nxe4 12. Bxe4 Nf6 13. Bc2 c5 14. dxc5 bxc5
15. Bb2 Qc7 16. Ne5 Rad8 1/2-1/2

[Event "Druzynowe Mistrzostwa Polski - II Liga S"]
[Site "Ustron/Slaski Zwiazek Szachowy"]
[Date "2008.09.11"]
[Round "6.32"]
[White "Gbyl, Andrzej"]
[Black "Mazalon, Mariusz"]
[Result "1/2-1/2"]
[WhiteElo "2236"]
[BlackElo "2148"]
[PlyCount "68"]
[EventDate "2008.??.??"]

1. d4 g6 2. c4 Bg7 3. Nf3 d6 4. Nc3 Nf6 5. e4 O-O 6. Be2 Nbd7 7. O-O e5 8. Be3
h6 9. h3 Re8 10. d5 Nh7 11. Qd2 g5 12. Ne1 Ndf8 13. Bg4 Ng6 14. g3 Ne7 15. Ng2
f5 16. exf5 Nxf5 17. Ne4 Nf6 18. Nxf6+ Qxf6 19. Rae1 Bd7 20. b3 b6 21. Kh2 Re7
22. b4 Rf8 23. c5 Bb5 24. Be2 Bxe2 25. Qxe2 e4 26. Qc4 Nd4 27. Bxd4 Qxd4 28.
Qxd4 Bxd4 29. cxd6 cxd6 30. Ne3 Bxe3 31. Rxe3 Rc8 32. Rfe1 Rc4 33. a3 Kg7 34.
R1e2 Kf6 1/2-1/2

[Event "Druzynowe Mistrzostwa Polski - II Liga S"]
[Site "Ustron/Slaski Zwiazek Szachowy"]
[Date "2008.09.11"]
[Round "6.33"]
[White "Olszewski, Marek"]
[Black "Zaskalski, Arkadiusz"]
[Result "1/2-1/2"]
[WhiteElo "2151"]
[BlackElo "2217"]
[PlyCount "41"]
[EventDate "2008.??.??"]

1. e4 c5 2. Nf3 Nc6 3. Bb5 g6 4. Bxc6 dxc6 5. d3 Bg7 6. h3 e5 7. O-O Qe7 8. a4
Nh6 9. a5 O-O 10. Nc3 f6 11. b3 Nf7 12. Be3 Nd8 13. Na4 Ne6 14. Bc1 Rb8 15. Nc3
Nf4 16. Ne2 g5 17. Nh2 f5 18. Ng3 fxe4 19. Nxe4 h6 20. f3 Be6 21. Be3 1/2-1/2

[Event "Druzynowe Mistrzostwa Polski - II Liga S"]
[Site "Ustron/Slaski Zwiazek Szachowy"]
[Date "2008.09.11"]
[Round "6.34"]
[White "Szromba, Krzysztof"]
[Black "Wozniak, Marcin"]
[Result "0-1"]
[WhiteElo "2186"]
[BlackElo "2130"]
[PlyCount "114"]
[EventDate "2008.??.??"]

1. d4 Nf6 2. c4 e6 3. Nc3 d5 4. Bg5 Be7 5. e3 c6 6. cxd5 exd5 7. Bd3 Bg4 8. f3
Bh5 9. Nge2 O-O 10. O-O Nbd7 11. Nf4 Bg6 12. Nxg6 hxg6 13. Qc2 Nh5 14. Bxe7
Qxe7 15. Rfe1 Rfe8 16. b4 Qg5 17. Qc1 a6 18. e4 Qxc1 19. Raxc1 Nf4 20. Bf1 Nf6
21. e5 Nd7 22. g3 Ne6 23. Red1 g5 24. Bh3 Nb6 25. a4 Nc4 26. Kf2 Red8 27. Bf1
Nb6 28. Ke3 g6 29. Bd3 Kg7 30. Rd2 Rh8 31. Rg1 Rh6 32. Rb2 Rah8 33. Rgg2 Ra8
34. Rgc2 Rd8 35. a5 Nc4+ 36. Bxc4 dxc4 37. Rd2 Nc7 38. Rdc2 Ne6 39. Rd2 Nc7 40.
Rb1 f6 41. exf6+ Kxf6 42. Re2 Re8+ 43. Ne4+ Kg7 44. Kd2 Nb5 45. Rf2 g4 46. Ng5
Rh5 47. f4 Nxd4 48. Rd1 Nb5 49. Kc1 Re7 50. Rdf1 Kf6 51. h4 gxh3 52. g4 Rh4 53.
Nf3 Rxg4 54. Ne5 Rg3 55. f5 Kxe5 56. Re2+ Kd6 57. f6 Rf7 0-1

[Event "Druzynowe Mistrzostwa Polski - II Liga S"]
[Site "Ustron/Slaski Zwiazek Szachowy"]
[Date "2008.09.11"]
[Round "6.35"]
[White "Starzynski, Waldemar"]
[Black "Wolak, Jacek"]
[Result "0-1"]
[WhiteElo "1866"]
[BlackElo "2093"]
[PlyCount "103"]
[EventDate "2008.??.??"]

1. e4 e6 2. d4 d5 3. Nc3 Bb4 4. Bd3 Nc6 5. Nge2 Nge7 6. O-O O-O 7. a3 Bxc3 8.
bxc3 dxe4 9. Bxe4 f5 10. Bd3 e5 11. Bc4+ Kh8 12. d5 Na5 13. Ba2 b6 14. c4 Ba6
15. Nc3 Bxc4 16. Bxc4 Nxc4 17. Qe2 Nd6 18. Qxe5 Ng6 19. Qd4 Qd7 20. Bb2 f4 21.
f3 Nf5 22. Qd2 Ne3 23. Rfe1 Nh4 24. Rxe3 fxe3 25. Qxe3 Rae8 26. Qf2 Nf5 27. Re1
Rxe1+ 28. Qxe1 Re8 29. Qd2 Ne3 30. Qd3 Qf5 31. Ne4 Nxd5 32. Qb5 Qe6 33. g3 c6
34. Qd3 c5 35. c4 Nf6 36. Qc3 Qe7 37. a4 Nxe4 38. fxe4 Rd8 39. e5 Rd1+ 40. Kg2
Qb7+ 41. Kh3 Qd7+ 42. e6 Qxe6+ 43. Kg2 Qe2+ 44. Kh3 Qf1+ 45. Kh4 Rd4+ 46. g4
Qf4 47. h3 Qf2+ 48. Kh5 g6+ 49. Kg5 Kg7 50. Qxd4+ cxd4 51. Bxd4+ Qxd4 52. a5
0-1

[Event "Druzynowe Mistrzostwa Polski - II Liga S"]
[Site "Ustron/Slaski Zwiazek Szachowy"]
[Date "2008.09.11"]
[Round "6.36"]
[White "Kaminska, Paulina"]
[Black "Wesolowska, Edyta"]
[Result "1-0"]
[WhiteElo "1919"]
[BlackElo "1943"]
[PlyCount "97"]
[EventDate "2008.??.??"]

1. e4 c5 2. Nf3 d6 3. d4 cxd4 4. Nxd4 Nf6 5. Nc3 Nc6 6. Be2 e5 7. Nb3 Be7 8.
Be3 O-O 9. O-O a5 10. a4 Nb4 11. f4 Be6 12. Nd2 Rc8 13. f5 Bd7 14. Nc4 Rc6 15.
Nb5 Nxe4 16. c3 Na6 17. Na7 Rxc4 18. Bxc4 Nac5 19. Nb5 Bg5 20. Qe2 Bc6 21. Rad1
Bxe3+ 22. Qxe3 Nxa4 23. Na7 d5 24. Nxc6 bxc6 25. Bd3 Nxb2 26. Bxe4 Qh4 27. Bc2
Nc4 28. Qe1 Qg5 29. Rd3 e4 30. Rg3 Qf6 31. Bb3 Nd6 32. Qf2 Ra8 33. Qb6 Rc8 34.
Qc5 Qe5 35. c4 a4 36. Ba2 Nxf5 37. Ra3 e3 38. Rxf5 Qxf5 39. Qxe3 Qd7 40. Rd3
Re8 41. Qf2 Re5 42. h3 h6 43. cxd5 cxd5 44. Qd2 Qb5 45. Bxd5 Qb1+ 46. Kh2 Re1
47. Rf3 Re7 48. Bxf7+ Rxf7 49. Qd8+ 1-0

[Event "Druzynowe Mistrzostwa Polski - II Liga S"]
[Site "Ustron/Slaski Zwiazek Szachowy"]
[Date "2008.09.11"]
[Round "6.37"]
[White "Pinkas, Karol"]
[Black "Murdzia, Piotr"]
[Result "1/2-1/2"]
[WhiteElo "2317"]
[BlackElo "2481"]
[PlyCount "130"]
[EventDate "2008.??.??"]

1. e4 c5 2. Nf3 e6 3. d4 cxd4 4. Nxd4 a6 5. Nc3 d6 6. Be2 Nf6 7. O-O Be7 8. f4
Qc7 9. Kh1 Nc6 10. Be3 O-O 11. Qe1 Re8 12. Qg3 Bd7 13. e5 Nd5 14. Nf5 g6 15.
Nh6+ Kg7 16. Nxd5 exd5 17. c3 f5 18. exf6+ Bxf6 19. Ng4 Bxg4 20. Bxg4 d4 21.
cxd4 Nxd4 22. Rac1 Nc6 23. f5 Qf7 24. Bd1 d5 25. Bb3 Rad8 26. Bb6 Rd7 27. fxg6
hxg6 28. Rc2 Qe6 29. Rd2 Rh8 30. h3 Rh5 31. Bd1 Rf5 32. Rxf5 Qxf5 33. Bc2 Qg5
34. Qxg5 Bxg5 35. Rd1 Bf6 36. b3 Re7 37. Bd3 Nb4 38. Bb1 Re2 39. a3 Nc6 40. b4
Rb2 41. Kg1 Bc3 42. Kf1 a5 43. bxa5 Nxa5 44. Bxa5 Bxa5 45. Bd3 Rd2 46. Rxd2
Bxd2 47. Ke2 Bc1 48. a4 b6 49. Bc2 Kf6 50. h4 Bb2 51. g4 Bc3 52. g5+ Kf7 53.
Kf3 Be1 54. Kg4 d4 55. Bb3+ Kg7 56. Bc4 Bf2 57. Bd3 Be1 58. h5 gxh5+ 59. Kxh5
Bd2 60. Kg4 Be3 61. Kf5 Bd2 62. g6 Ba5 63. Ke6 Bc3 64. Ke5 Bb2 65. Kd5 Bc3
1/2-1/2

[Event "Druzynowe Mistrzostwa Polski - II Liga S"]
[Site "Ustron/Slaski Zwiazek Szachowy"]
[Date "2008.09.11"]
[Round "6.38"]
[White "Rawski, Slawomir"]
[Black "Tokarski, Bartosz"]
[Result "1/2-1/2"]
[WhiteElo "2210"]
[BlackElo "2157"]
[PlyCount "87"]
[EventDate "2008.??.??"]

1. Nf3 Nf6 2. d4 g6 3. c4 Bg7 4. Nc3 O-O 5. e4 d6 6. Be2 e5 7. dxe5 dxe5 8.
Qxd8 Rxd8 9. Bg5 Re8 10. Nd5 Nxd5 11. cxd5 c6 12. Bc4 cxd5 13. Bxd5 Nd7 14. Ke2
Nb6 15. Bb3 Bd7 16. Nd2 Bb5+ 17. Kf3 Rac8 18. Rhc1 Kh8 19. Be3 f5 20. Rxc8 Rxc8
21. a4 Bc6 22. a5 Nd7 23. Be6 fxe4+ 24. Ke2 a6 25. Rc1 Re8 26. Rxc6 Nf8 27. Rc8
Rxe6 28. Nxe4 h6 29. Bc5 Rc6 30. Rxf8+ Bxf8 31. Bxf8 Rc2+ 32. Kd3 Rxb2 33. Bc5
Kg7 34. Bb6 Kf7 35. Kc3 Re2 36. Nc5 Rxf2 37. Nxb7 Rxg2 38. Nc5 Rxh2 39. Nxa6
Ke6 40. Nb8 Kd6 41. a6 Ra2 42. a7 Rxa7 43. Bxa7 Kc7 44. Kd3 1/2-1/2

[Event "Druzynowe Mistrzostwa Polski - II Liga S"]
[Site "Ustron/Slaski Zwiazek Szachowy"]
[Date "2008.09.11"]
[Round "6.39"]
[White "Zowada, Kazimierz"]
[Black "Walkusz, Witoslaw"]
[Result "1/2-1/2"]
[WhiteElo "2196"]
[BlackElo "2151"]
[PlyCount "87"]
[EventDate "2008.??.??"]

1. d4 f5 2. Nf3 g6 3. g3 Nf6 4. Bg2 Bg7 5. O-O O-O 6. c4 d6 7. Nc3 Qe8 8. d5
Na6 9. Be3 c5 10. Qd2 Nc7 11. Bh6 b5 12. Bxg7 Kxg7 13. b3 bxc4 14. bxc4 Ba6 15.
Qd3 Nd7 16. e4 Nb6 17. Nd2 f4 18. Rfe1 Qf7 19. e5 fxg3 20. fxg3 Qf2+ 21. Kh1
Qd4 22. Qxd4 cxd4 23. Nce4 dxe5 24. Rac1 Rad8 25. Nc5 Rf2 26. Rxe5 Rxd2 27.
Rxe7+ Kh6 28. Rxc7 Bxc4 29. Ne4 Rxa2 30. Nf6 Bxd5 31. Rxh7+ Kg5 32. Bxd5 Nxd5
33. Nd7 Ne3 34. Ne5 Rf8 35. h4+ Kf5 36. Re7 Kf6 37. Rcc7 Ra5 38. Nf3 Nf5 39.
Red7 Nxg3+ 40. Kg2 Ne2 41. Kf2 Ra2 42. Rxa7 Rxa7 43. Rxa7 Re8 44. Ra6+ 1/2-1/2

[Event "Druzynowe Mistrzostwa Polski - II Liga S"]
[Site "Ustron/Slaski Zwiazek Szachowy"]
[Date "2008.09.11"]
[Round "6.40"]
[White "Zdrojewski, Wojciech"]
[Black "Guzik, Jolanta"]
[Result "1/2-1/2"]
[WhiteElo "2190"]
[BlackElo "2095"]
[PlyCount "107"]
[EventDate "2008.??.??"]

1. d4 d5 2. c4 e6 3. Nc3 c6 4. cxd5 exd5 5. Qc2 Bd6 6. Nf3 Nf6 7. Bg5 Nbd7 8.
e3 O-O 9. Bd3 h6 10. Bh4 b6 11. O-O Bb7 12. a3 c5 13. dxc5 bxc5 14. Rfd1 Qb6
15. Bf5 d4 16. exd4 Bxf3 17. gxf3 cxd4 18. Na4 Qa5 19. Bxd7 Nxd7 20. Rxd4 Qe5
21. Bg3 Qxd4 22. Rd1 Qf6 23. Rxd6 Qe7 24. Kg2 Nf6 25. Nc5 Nh5 26. Rd5 Nxg3 27.
hxg3 Rad8 28. Rxd8 Rxd8 29. Ne4 Qd7 30. b4 Rc8 31. Nc5 Qd5 32. Qa4 Rc7 33. Qe8+
Kh7 34. a4 a5 35. Na6 Rc3 36. Qe2 axb4 37. Nxb4 Qc4 38. Qxc4 Rxc4 39. Nd3 Rxa4
40. Ne5 f6 41. Ng4 Kg6 42. Ne3 Ra2 43. Nd5 Kf5 44. Ne3+ Ke5 45. Nc4+ Kd4 46.
Ne3 Kd3 47. Nf5 Ra7 48. Kf1 Kd2 49. f4 h5 50. Kg2 Ke1 51. Nd4 Ra2 52. Nf3+ Ke2
53. Nd4+ Kd3 54. Ne6 1/2-1/2

[Event "Druzynowe Mistrzostwa Polski - II Liga S"]
[Site "Ustron/Slaski Zwiazek Szachowy"]
[Date "2008.09.11"]
[Round "6.41"]
[White "Siedlinski, Piotr"]
[Black "Kusmierz, Maciej"]
[Result "1/2-1/2"]
[WhiteElo "1853"]
[BlackElo "2147"]
[PlyCount "99"]
[EventDate "2008.??.??"]

1. e4 c5 2. Nf3 Nc6 3. d4 cxd4 4. Nxd4 Nf6 5. Nc3 e5 6. Ndb5 d6 7. Bg5 a6 8.
Na3 b5 9. Nd5 Be7 10. Bxf6 Bxf6 11. c3 Bg5 12. Nc2 O-O 13. a4 bxa4 14. Rxa4 a5
15. Bc4 Rb8 16. b3 g6 17. Nce3 Kh8 18. Qe2 f5 19. h4 Bxe3 20. Qxe3 f4 21. Qe2
h5 22. Kd1 Kh7 23. Kc2 Bd7 24. Raa1 Qc8 25. Qd3 Be6 26. Ra4 Rf7 27. Rb1 Kg7 28.
Kd2 Qd8 29. Rh1 Rfb7 30. Ke2 Ne7 31. Nxe7 Qxe7 32. Rxa5 Bxc4 33. Qxc4 Rxb3 34.
Rha1 Rb2+ 35. Kd3 Rxf2 36. Ra7 Rb7 37. Ra8 d5 38. Qc8 dxe4+ 39. Kxe4 Re2+ 40.
Kd3 Re3+ 41. Kc2 Rxc3+ 42. Qxc3 Rc7 43. R1a7 Rxa7 44. Rxa7 Qxa7 45. Qxe5+ Kg8
46. Qxf4 Qa2+ 47. Kd3 Qxg2 48. Qf6 Qd5+ 49. Ke3 Qb3+ 50. Kf4 1/2-1/2

[Event "Druzynowe Mistrzostwa Polski - II Liga S"]
[Site "Ustron/Slaski Zwiazek Szachowy"]
[Date "2008.09.11"]
[Round "6.42"]
[White "Maszota, Natalia"]
[Black "Labedz, Patrycja"]
[Result "1-0"]
[WhiteElo "2077"]
[BlackElo "1949"]
[PlyCount "89"]
[EventDate "2008.??.??"]

1. e4 c5 2. Nf3 a6 3. d3 Nc6 4. g3 g6 5. Bg2 Bg7 6. O-O e6 7. Re1 Nge7 8. c3
O-O 9. Nbd2 d5 10. e5 b5 11. Nf1 b4 12. Bg5 a5 13. Qd2 Ba6 14. h4 h5 15. N1h2
Qc7 16. g4 Rad8 17. gxh5 gxh5 18. Bf6 Rd7 19. Rad1 Ng6 20. Qg5 Bxf6 21. exf6
Qf4 22. Qxh5 Qxf6 23. Ng4 Qd8 24. Ng5 Re8 25. Nh7 Rd6 26. Nhf6+ Kf8 27. Nxe8
Kxe8 28. Qg5 Qxg5 29. hxg5 Nf4 30. Bf1 Rd8 31. Re3 Ke7 32. Rf3 Ng6 33. Re1 Bb7
34. Rh3 Na7 35. Ne5 Nxe5 36. Rxe5 Rg8 37. Rh7 Nb5 38. c4 Nd4 39. Bg2 dxc4 40.
dxc4 b3 41. a3 Bxg2 42. Kxg2 Nf5 43. Rxc5 a4 44. Rc7+ Kd6 45. Rhxf7 1-0

[Event "Druzynowe Mistrzostwa Polski - II Liga S"]
[Site "Ustron/Slaski Zwiazek Szachowy"]
[Date "2008.09.11"]
[Round "6.43"]
[White "Kujawski, Ryszard"]
[Black "Krogulski, Grzegorz"]
[Result "1/2-1/2"]
[WhiteElo "2147"]
[BlackElo "2316"]
[PlyCount "26"]
[EventDate "2008.??.??"]

1. c4 Nf6 2. Nc3 d5 3. cxd5 Nxd5 4. g3 Nb6 5. Bg2 g6 6. Nf3 Bg7 7. O-O O-O 8.
d3 c6 9. Qc2 Na6 10. a3 Nc7 11. b4 a5 12. Rb1 axb4 13. axb4 Nbd5 1/2-1/2

[Event "Druzynowe Mistrzostwa Polski - II Liga S"]
[Site "Ustron/Slaski Zwiazek Szachowy"]
[Date "2008.09.11"]
[Round "6.44"]
[White "Sygulski, Boguslaw"]
[Black "Bardeli, Lukasz"]
[Result "1/2-1/2"]
[WhiteElo "2242"]
[BlackElo "2317"]
[PlyCount "21"]
[EventDate "2008.??.??"]

1. e4 Nf6 2. e5 Nd5 3. d4 d6 4. Nf3 Bg4 5. Be2 Nc6 6. c4 Nb6 7. exd6 exd6 8.
Nbd2 d5 9. c5 Nc8 10. h3 Bf5 11. O-O 1/2-1/2

[Event "Druzynowe Mistrzostwa Polski - II Liga S"]
[Site "Ustron/Slaski Zwiazek Szachowy"]
[Date "2008.09.11"]
[Round "6.45"]
[White "Nowak, Rafal"]
[Black "Draganik, Grzegorz"]
[Result "1-0"]
[WhiteElo "2008"]
[BlackElo "1870"]
[PlyCount "91"]
[EventDate "2008.??.??"]

1. d4 e6 2. Nf3 f5 3. Bg5 Nf6 4. e3 d5 5. c4 c6 6. Nc3 Be7 7. Ne5 O-O 8. Be2
Nbd7 9. Nxd7 Bxd7 10. O-O Ne4 11. Bxe7 Qxe7 12. f3 Nd6 13. c5 Nf7 14. f4 Kh8
15. b4 g5 16. Qd2 Rg8 17. Bf3 Rg6 18. Bh5 Rg7 19. Bxf7 Qxf7 20. Kf2 Qh5 21. Rh1
Rag8 22. g3 Be8 23. Qe2 Qh6 24. Rag1 Bh5 25. Qf1 Qf6 26. Qd3 Qh6 27. Nb1 Qf6
28. Nd2 Ra8 29. a4 b6 30. Rc1 Rb7 31. b5 Be8 32. Nf3 bxc5 33. dxc5 cxb5 34. c6
Rb6 35. axb5 gxf4 36. gxf4 Qb2+ 37. Rc2 Qxb5 38. Qd4+ Kg8 39. Rg1+ Bg6 40. Ne5
Qb3 41. Re2 Rb4 42. Qc5 Qa3 43. Nxg6 hxg6 44. Qd6 Kf7 45. Qd7+ Kf6 46. Qh7 1-0

[Event "Druzynowe Mistrzostwa Polski - II Liga S"]
[Site "Ustron/Slaski Zwiazek Szachowy"]
[Date "2008.09.11"]
[Round "6.46"]
[White "Czarnecki, Wojciech"]
[Black "Jedrzejewski, Kamil"]
[Result "1-0"]
[WhiteElo "2056"]
[BlackElo "1961"]
[PlyCount "103"]
[EventDate "2008.??.??"]

1. d4 Nf6 2. c4 e6 3. Nf3 Bb4+ 4. Nbd2 b6 5. a3 Bxd2+ 6. Qxd2 Bb7 7. e3 O-O 8.
Bd3 Ne4 9. Qc2 f5 10. O-O d6 11. b4 Nd7 12. Nd2 Qh4 13. f3 Ng5 14. Qd1 Rf6 15.
Qe1 Qh5 16. h4 Nf7 17. f4 Rg6 18. e4 Qg4 19. Qf2 Rh6 20. exf5 exf5 21. d5 Re8
22. Nf3 Nf6 23. Bd2 Ne4 24. Rae1 Kf8 25. Bxe4 fxe4 26. Ng5 Qxh4 27. Qxh4 Rxh4
28. Ne6+ Kg8 29. Nxc7 Re7 30. Ne6 b5 31. Rxe4 Nh6 32. Rfe1 Nf5 33. Nd8 Rh1+ 34.
Kxh1 Rxe4 35. Nxb7 Rd4 36. Nd8 h5 37. Re8+ Kh7 38. Be3 Rd1+ 39. Bg1 bxc4 40.
Ne6 c3 41. Rc8 h4 42. Ng5+ Kg6 43. Ne4 a5 44. Rxc3 axb4 45. axb4 Rb1 46. Kh2
Rxb4 47. Nxd6 Nh6 48. Kh3 Kh5 49. g3 Rb1 50. Bd4 g6 51. Ne4 Ng4 52. Rc8 1-0

[Event "Druzynowe Mistrzostwa Polski - II Liga S"]
[Site "Ustron/Slaski Zwiazek Szachowy"]
[Date "2008.09.11"]
[Round "6.47"]
[White "Banach, Wieslaw"]
[Black "Markiewicz, Mateusz"]
[Result "1-0"]
[WhiteElo "2095"]
[BlackElo "2013"]
[PlyCount "71"]
[EventDate "2008.??.??"]

1. e4 c5 2. Nc3 Nc6 3. f4 d6 4. Nf3 g6 5. g3 Bg7 6. Bg2 e6 7. d3 Nge7 8. Be3
Nd4 9. O-O O-O 10. Qd2 Nec6 11. Nd1 b5 12. c3 Nxf3+ 13. Bxf3 Qb6 14. Nf2 b4 15.
Rfd1 Nd4 16. Bg2 Qa5 17. e5 Nf5 18. Bxa8 d5 19. cxb4 cxb4 20. g4 Nh4 21. Qe2
Bd7 22. Bxd5 exd5 23. Rdc1 Rc8 24. Rxc8+ Bxc8 25. a3 d4 26. Bd2 Bb7 27. Bxb4
Qd5 28. Ne4 g5 29. Rf1 gxf4 30. Rxf4 Ng6 31. Rf5 Nxe5 32. Bd6 Bc8 33. Rg5 Kh8
34. Bxe5 Bxe5 35. Nf6 Bxh2+ 36. Qxh2 1-0

[Event "Druzynowe Mistrzostwa Polski - II Liga S"]
[Site "Ustron/Slaski Zwiazek Szachowy"]
[Date "2008.09.11"]
[Round "6.48"]
[White "Jalowiec, Halina"]
[Black "Grzelachowska, Grazyna"]
[Result "1-0"]
[WhiteElo "2073"]
[BlackElo "1983"]
[PlyCount "67"]
[EventDate "2008.??.??"]

1. e4 e5 2. Nf3 d6 3. d4 exd4 4. Nxd4 g6 5. Bc4 Bg7 6. Nc3 Nf6 7. f3 O-O 8. Be3
Re8 9. Qd2 a6 10. a4 Nc6 11. O-O Bd7 12. g4 Ne5 13. Be2 Qc8 14. h3 Nc6 15. Rf2
Nxd4 16. Bxd4 c5 17. Be3 Qc7 18. Bf4 Bf8 19. Rd1 Re5 20. Bxe5 dxe5 21. g5 Bxh3
22. gxf6 c4 23. Nd5 Qc5 24. Qc3 Re8 25. Bxc4 Qa7 26. Ne7+ Kh8 27. Bxf7 Ra8 28.
Qxe5 Bh6 29. Qh2 Qe3 30. Qxh3 Rf8 31. Bxg6 Rxf6 32. Rd8+ Rf8 33. Rxf8+ Kg7 34.
Rf7+ 1-0

[Event "Druzynowe Mistrzostwa Polski - II Liga S"]
[Site "Ustron/Slaski Zwiazek Szachowy"]
[Date "2008.09.11"]
[Round "6.49"]
[White "Moskwinski, Tadeusz"]
[Black "Dobosz, Henryk"]
[Result "1/2-1/2"]
[WhiteElo "2161"]
[BlackElo "2440"]
[PlyCount "58"]
[EventDate "2008.??.??"]

1. e4 g6 2. d4 Bg7 3. Nc3 d6 4. f4 Nc6 5. Bb5 a6 6. Bxc6+ bxc6 7. Nf3 Rb8 8.
O-O Nh6 9. h3 f6 10. Qd3 Nf7 11. b3 O-O 12. g4 e5 13. Be3 exf4 14. Bxf4 Qd7 15.
Rf2 Bb7 16. Re1 Rbe8 17. Kh2 Re7 18. Rfe2 Rfe8 19. Re3 Qc8 20. Na4 c5 21. dxc5
Qa8 22. Nc3 dxc5 23. Nd5 Bxd5 24. exd5 Rxe3 25. Rxe3 Rxe3 26. Bxe3 Bf8 27. Qe4
Bd6+ 28. Kg2 Qc8 29. a4 Qd7 1/2-1/2

[Event "Druzynowe Mistrzostwa Polski - II Liga S"]
[Site "Ustron/Slaski Zwiazek Szachowy"]
[Date "2008.09.11"]
[Round "6.50"]
[White "Niemiec, Artur"]
[Black "Pazderski, Ziemowit"]
[Result "1/2-1/2"]
[WhiteElo "2230"]
[BlackElo "2197"]
[PlyCount "115"]
[EventDate "2008.??.??"]

1. e4 d5 2. exd5 Qxd5 3. Nc3 Qd6 4. g3 Nf6 5. Bg2 Bg4 6. Nge2 Nc6 7. h3 Bxe2 8.
Nxe2 e5 9. O-O O-O-O 10. Nc3 Kb8 11. a4 Qe6 12. d3 Bc5 13. Qf3 Qc8 14. Be3 Nd4
15. Bxd4 Bxd4 16. Nb5 c6 17. Nxd4 Rxd4 18. a5 a6 19. Rfe1 Qc7 20. Qe3 Nd7 21.
c3 Rd6 22. b4 Rd8 23. Rad1 h6 24. Qf3 f6 25. Qf5 Nf8 26. Qe4 Qd7 27. Bf1 Ne6
28. Qf5 Ng5 29. Qxd7 R8xd7 30. Kg2 Ne6 31. Rb1 Nc7 32. Rec1 Nb5 33. Rb2 Re7 34.
Be2 f5 35. Bf1 g5 36. Rbb1 h5 37. Rc2 h4 38. Re1 Rde6 39. Rcc1 Nc7 40. Be2 Nd5
41. Bf3 e4 42. dxe4 fxe4 43. Bg4 Rf6 44. Rcd1 Nxc3 45. Rd8+ Ka7 46. Rg8 Ref7
47. f3 exf3+ 48. Kf2 Rf8 49. Rxf8 Rxf8 50. Bxf3 Nd5 51. Re5 Nxb4 52. Rxg5 Nd3+
53. Ke3 Ne1 54. Be4 hxg3 55. Rxg3 Re8 56. Kf4 Rf8+ 57. Ke3 Re8 58. Kf4 1/2-1/2

[Event "Druzynowe Mistrzostwa Polski - II Liga S"]
[Site "Ustron/Slaski Zwiazek Szachowy"]
[Date "2008.09.11"]
[Round "6.51"]
[White "Krasiewicz, Robert"]
[Black "Komorzycki, Jakub"]
[Result "1-0"]
[WhiteElo "2136"]
[BlackElo "2139"]
[PlyCount "71"]
[EventDate "2008.??.??"]

1. d4 Nf6 2. c4 e6 3. Nf3 b6 4. g3 Bb7 5. Bg2 Be7 6. O-O O-O 7. Nc3 d5 8. Ne5
a6 9. f4 Ra7 10. cxd5 Nxd5 11. e4 Nf6 12. Be3 Nbd7 13. Nd3 Qa8 14. Nf2 c5 15.
g4 Rd8 16. g5 Ne8 17. Qg4 Nd6 18. d5 Nc4 19. Bc1 exd5 20. Nxd5 Bxd5 21. exd5
Nd6 22. Re1 Re8 23. f5 Bf8 24. Bf4 Rxe1+ 25. Rxe1 Qd8 26. h4 b5 27. h5 Nb6 28.
h6 Re7 29. Rxe7 Qxe7 30. hxg7 Qe1+ 31. Kh2 Kxg7 32. Nd3 Qb1 33. Qh3 Kg8 34. g6
hxg6 35. Be5 f6 36. fxg6 1-0

[Event "Druzynowe Mistrzostwa Polski - II Liga S"]
[Site "Ustron/Slaski Zwiazek Szachowy"]
[Date "2008.09.11"]
[Round "6.52"]
[White "Moniszka, Krzysztof"]
[Black "Maciaga, Marcin"]
[Result "0-1"]
[WhiteElo "2097"]
[BlackElo "2180"]
[PlyCount "44"]
[EventDate "2008.??.??"]

1. e4 c5 2. Nf3 Nc6 3. d4 cxd4 4. Nxd4 e6 5. Nc3 Qc7 6. Be2 a6 7. O-O Nf6 8.
Kh1 Be7 9. f4 d6 10. g4 b5 11. Nxc6 Qxc6 12. Bf3 Bb7 13. e5 Nd5 14. Nxd5 exd5
15. Be3 dxe5 16. fxe5 O-O 17. Bd4 Qh6 18. c3 Bg5 19. Bg2 Bf4 20. h3 Rae8 21.
Bc5 d4 22. Rxf4 Qxh3+ 0-1